00414nam a2200145Ia 4500008004100000020001500041041001200056100001500068245009700083250000800180260004700188300000800235650001000243700001500253221030s9999 xx 000 0 und d a0071077873 aEnglish aM. G. Shah 0aBuilding Drawing with an Integrated Approach to Built Environmentcby M. G. Shah, C. M. Kale a5th bMcGraw - Hill Edu. Pvt. LtdaChennaic2017 a408 aCivil aC. M. Kale